000 00896nam a2200277 a 4500
001 25769
003 CO-ViMGA
008 141112s2004 ck r 000 u spa d
020 _a9789588846224
040 _aCO-ViMGA
_bspa
_cCO-ViMGA
041 _aSPA
090 _aN BIE5
100 1 _aBierce, Ambrose Gwinnet, 1842 - 1914?
_91046
245 1 0 _aCuentos negros /
_cAmbrose Bierce ; edición y traducción Aitor Ibarrola - Armendariz
250 _a1a ed.
260 _aBogotá :
_bAlianza,
_c2013
300 _a142 p.
490 _aEl libro de bolsillo : biblioteca de autor
500 _aIncluye índice
650 1 4 _aAUTORES ESTADOUNIDENSES
_9718
650 1 4 _aCUENTOS ESTADOUNIDENSES - SIGLO XIX
_923157
650 1 4 _aLITERATURA ESTADOUNIDENSE - SIGLO XIX
_939838
700 1 _aIbarrola - Armendariz, Aitor
_91051
700 1 _aIbarrola - Armendariz, Aitor
_91051
942 _2ddc
_cBK
999 _c5335
_d5335